Rekordziści Skoczni Narciarskich - Statystyki

Ogólne statystyki
  • Ten quiz został rozwiązany 41 razy
  • Średni wynik to 20 z 45
Statystyki odpowiedzi
Skocznia Rekordzista Odległość Data Ustanowienia % Poprawnych
Ruka Halvor Egner Granerud 150.5 m 27.11.2022
81%
Vikersund Stefan Kraft 253.5 m 18.03.2017
73%
Garmisch-Partenkirchen Dawid Kubacki 144.0 m 01.01.2021
70%
Bischofshofen Dawid Kubacki 145.0 m 06.01.2019
68%
Sapporo Kamil Stoch 148.5 m 26.01.2019
68%
Planica Ryoyu Kobayashi 252.0 m 24.03.2019
68%
Willingen Klemens Murańka 153.0 m 29.01.2021
65%
Trondheim (HS140) Kamil Stoch 146.0 m 15.03.2018
62%
Innsbruck Michael Hayboeck 138.0 m 04.01.2015
59%
Lillehammer (HS140) Simon Ammann 146.0 m 05.12.2009
59%
Oberstdorf (HS235) Domen Prevc 242.5 m 20.03.2022
57%
Wisła Stefan Kraft 139.0 m 08.01.2013
57%
Engelberg Domen Prevc 144.0 m 18.12.2016
54%
Oslo Robert Johansson 144.0 m 09.03.2019
54%
Predazzo (HS135) Adam Małysz 136.0 m 22.02.2003
51%
Lake Placid Ryoyu Kobayashi 136.0 m 11.02.2023
51%
Zakopane Yukiya Sato 147.0 m 25.01.2020
51%
Niżny Tagił Robert Johansson 142.5 m 05.12.2020
49%
Ryoyu Kobayashi 16.12.2018
49%
Predazzo (HS104) Adam Małysz 107.5 m 28.02.2003
46%
Lillehammer (HS98) Karl Geiger 107.5 m 06.12.2013
46%
Bad Mitterndorf Peter Prevc 244.0 m 16.01.2016
46%
Ryoyu Kobayashi 12.01.2019
46%
Markus Eisenbichler 16.03.2023
43%
Lahti Johann Andre Forfang 138.0 m 04.03.2017
41%
Falun (HS100) Severin Freund 97.0 m 22.02.2015
41%
Falun (HS134) Severin Freund 135.5 m 28.02.2015
41%
Titisee-Neustadt Domen Prevc 148.0 m 11.03.2016
38%
Pjongczang (HS142) Ryoyu Kobayashi 143.5 m 16.02.2018
38%
Oberstdorf (HS137) Sigurd Pettersen 143.5 m 29.12.2003
38%
Stefan Kraft
32%
Pjongczang (HS109) Stefan Kraft 113.5 m 16.02.2017
32%
Klingenthal Michael Uhrmann 146.5 m 02.02.2011
30%
Andreas Wellinger 10.12.2023
27%
Rasnov Gregor Schlierenzauer 103.0 m 22.02.2020
27%
Andreas Wellinger
24%
Constantin Schmid
24%
Gregor Deschwanden
24%
Szczyrk* Krzysztof Leja 116.0 m* 01.03.2011*
24%
Planica (HS139) Peter Prevc 142.0 m 23.03.2014
24%
Robert Johansson 10.02.2018
24%
Ałmaty Severin Freund 141.5 m 28.02.2016
24%
Kuopio (HS127) Daniel Andre Tande 136.0 m 22.02.2016
19%
Kuopio (HS102) Simon Ammann 106.0 m 10.03.2015
19%
Trondheim (HS105)* Peter Loeset Skodjereite 111.0 m* 16.12.2018*
0%
Nie znaleziono quizów pasujących do podanych kryteriów
Rozkład punktacji
Procent ludzi z każdym wynikiem
Percentyl według liczby udzielonych odpowiedzi
Twoja historia wyników
Nie rozwiązałeś tego quizu